| 000 | 00526nam a22001697a 4500 | ||
|---|---|---|---|
| 003 | OSt | ||
| 005 | 20140310181752.0 | ||
| 008 | 130627t xxu||||| |||| 00| 0 eng d | ||
| 050 |
_aPL 6055 _b.B265 2008 |
||
| 082 |
_2FIL 499.21103 _bB265 2008 |
||
| 100 | _aBaron, Cynthia Sta. Maria | ||
| 245 |
_aAno 'yon? ano 'yan? : _bthe whats and whys of being Filipino / _cCynthia Sta. Maria Baron. |
||
| 260 |
_aQuezon City : _bBaron Multimedia, _c2008 |
||
| 300 |
_aiii. 170 p. : _bill. ; _c14 cm. |
||
| 942 |
_2lcc _cBK |
||
| 999 |
_c3247 _d3247 |
||